00559nam a2200181Ia 450000500170000000800410001704000190005804100120007708200170008924500960010626000440020230000160024650400190026265000230028165100360030470000270034085000100036720230109093929.0131103s9999 xx 000 0 und d aLoreto College aEnglish a821.108bKEN 3aAn anthology of old english poetryctranslated into alliterative verse by Charles W.Kennedy aNew YorkbOxford University Pressc1960 axvi,174 p.  aIncludes index aEnglish Literature aOld English Poetry - Collection aKennedy,Charles W.,tr. aLCLIB